Отчет Уфимского местного управления Общества попечения о раненых и больных воинах... ... за 1884 год (Запись № 2977177)

Подробности
000 -МАРКЕР
контрольное поле 01185nam2a22002291 4500
001 - ИДЕНТИФИКАТОР ЗАПИСИ
контрольное поле v19\rc\1483801
005 - ИДЕНТИФИКАТОР ВЕРСИИ
контрольное поле 20250618153803.0
035 ## - ДРУГИЕ СИСТЕМНЫЕ НОМЕРА
Идентификатор записи (NLR Aleph) 004616016
100 ## - ДАННЫЕ ОБЩЕЙ ОБРАБОТКИ
Данные общей обработки 20060620f18791897|||y0rusy50 ca
101 0# - ЯЗЫК РЕСУРСА
Язык текста, звукозаписи и т.д. русский
102 ## - СТРАНА ПУБЛИКАЦИИ ИЛИ ПРОИЗВОДСТВА
Страна публикации Российская Федерация
105 ## - ПОЛЕ КОДИРОВАННЫХ ДАННЫХ: ТЕКСТОВЫЕ МАТЕРИАЛЫ, МОНОГРАФИЧЕСКИЕ
Кодированные данные о монографическом текстовом документе y z |||||
200 0# - ЗАГЛАВИЕ И СВЕДЕНИЯ ОБ ОТВЕТСТВЕННОСТИ
Основное заглавие ... за 1884 год
316 ## - ПРИМЕЧАНИЯ ОБ ОСОБЕННОСТЯХ ЭКЗЕМПЛЯРА
Текст примечания Экз. РНБ (Desideratum): отказано. См. Отношение от 8 окт. 1897 г. за № 334
Организация и экземпляр, к которому относится поле NLR: Desideratum
461 #0 - УРОВЕНЬ НАБОРА
Встроенное поле 001v19\rc\1483794
-- 2001#$aОтчет Уфимского местного управления Общества попечения о раненых и больных воинах...$v... за 1884 год
Системный номер (АБИС) связанной записи 2977091
Автор Российское общество Красного Креста. Уфимское местное управление
Место публикации Уфа
Дата публикации 1879-1897
Заглавие Отчет Уфимского местного управления Общества попечения о раненых и больных воинах...
Номер тома ... за 1884 год
801 #0 - ИСТОЧНИК ЗАПИСИ
Страна Российская Федерация
Организация NLR
Правила каталогизации psbo
801 #0 - ИСТОЧНИК ЗАПИСИ
Страна Российская Федерация
Организация RuMoRGB
Источник данных psbo
801 #1 - ИСТОЧНИК ЗАПИСИ
Страна Российская Федерация
Организация ProSoft-M
Источник данных rusmarc
852 ## - МЕСТОНАХОЖДЕНИЕ И ШИФР ХРАНЕНИЯ
Идентификатор организации NLR
Шифр хранения (Call Number) Desideratum
942 ## - ДОПОЛНИТЕЛЬНЫЕ ЭЛЕМЕНТЫ ЗАПИСИ (АБИС)
Тип экземпляра АБИС Книга
980 ## - КОЛЛЕКЦИЯ
Название коллекции Национальная библиография
Экземпляры
Тип экземпляра Дата поступления Библиотека постоянного хранения Библиотека текущего хранения Место хранения Шифр хранения Штрих-код Статус экземпляра
Книга 26.10.2013 РНБ (Московский) РНБ (Московский) Русский книжный фонд , подручный Desideratum 4616016-10